Knowledge management : tools and techniques

Bibliographic Details
Main Author: Foo, Schubert
Other Authors: Chua, Alton, Sharma, Ravi
Format: Book
Language:English
Published: Singapore : Pearson , 2007
Edition:2nd.ed
Subjects:

MARC

LEADER 00000cam a2200000 7i4500
001 0000018886
005 20090401.0
008 090401s si a eng
020 |a 9789810678463 ,   |c RM153.60 
040 |a INS 
090 0 0 |a HD30.2   |b F66 2007 
100 1 |a Foo, Schubert 
245 1 0 |a Knowledge management :   |b tools and techniques   |c Schubert Foo, Ravi Sharma, Alton Chua 
250 |a 2nd.ed 
260 |a Singapore :   |b Pearson ,   |c 2007 
300 |a xiv, 401p. :   |b ill. ;   |c 23cm. 
500 |a Includes index 
650 0 |a Knowledge management 
650 0 |a Knowledge management   |x Data processing 
650 0 |a Organizational learning 
700 1 |a Chua, Alton 
700 1 |a Sharma, Ravi 
999 |a 0000020620   |b BOOK   |c Open Shelf   |e Default branch